| 000 | 00950nam a2200277 a 4500 | ||
|---|---|---|---|
| 001 | 46824 | ||
| 003 | BD-RjUL | ||
| 005 | 20211209054218.0 | ||
| 008 | 160804s1955 nuy 001 0 eng | ||
| 035 | _a(BD-RjUL)46943 | ||
| 040 |
_aDLC _cCoGrU _dOCoLC _dDLC _dBD-RjUL _beng |
||
| 041 | _aeng | ||
| 082 |
_a320.973 _223 _bSAA 1955 |
||
| 100 | 1 |
_aSayre, Wallace Stanley, _d1905-1972. _9142652 |
|
| 245 | 1 | 0 |
_aAmerican government / _cWallace Stanley Sayre |
| 250 | _a13th ed. | ||
| 260 |
_aNew York : _bBarnes & Noble, _c1955 |
||
| 300 |
_axix, 315 p. : _bill. ; _c21 cm. |
||
| 490 |
_aCollege outline series ; _v14 |
||
| 500 | _aPublished in 1932 under title: An outline of American government. | ||
| 504 | _aIncludes bibliography and index. | ||
| 650 |
_aPolitics and government _9142653 |
||
| 651 | 0 |
_aUnited States _xPolitics and government _vHandbooks, manuals, etc. _9127970 |
|
| 830 |
_aCollege outline series ; _v14 _9144611 |
||
| 942 |
_2ddc _cBK |
||
| 999 |
_c46824 _d46824 |
||